[Event "Sao Paulo zt 2.4"]
[Site "Sao Paulo"]
[Date "2000.06.13"]
[Round "9"]
[White "Lima, Darcy"]
[Black "Limp, Eduardo Thelio"]
[Result "1-0"]
[WhiteElo "2514"]
[BlackElo "2420"]
[EventDate "2000.06.05"]
[PlyCount "101"]

1.d4 Nf6 2.c4 e5 3.dxe5 Ng4 4.e3 Nxe5 5.Nh3 Bb4+ 6.Bd2 Bxd2+ 7.Qxd2 d6 8.
f4 Ng6 9.Nf2 Nd7 10.Nc3 a5 11.g3 Nc5 12.b3 Bd7 13.Bg2 Bc6 14.Nd5 Ne7 15.
O-O O-O 16.e4 Re8 17.Rfe1 f6 18.Rad1 Ng6 19.Qc3 Bxd5 20.cxd5 Re7 21.a3 Qe8
22.b4 axb4 23.axb4 Nd7 24.Qb3 Nb6 25.Ra1 Rxa1 26.Rxa1 Kh8 27.Bh3 Nf8 28.
Qd3 Kg8 29.Qd4 Kf7 30.Qc3 Kg8 31.Be6+ Kh8 32.f5 Qb8 33.Kg2 Nbd7 34.Nd3 Ne5
35.Nxe5 fxe5 36.Qe3 h6 37.f6 gxf6 38.Qxh6+ Nh7 39.b5 Qf8 40.Qh4 c5 41.Bf5 
Kg8 42.Qh5 Qd8 43.h4 Nf8 44.Qh6 Re8 45.Rf1 Qe7 46.Bg4 Qg7 47.Qxf6 Qxg4 48.
Qf7+ Kh8 49.Qxe8 Qe2+ 50.Rf2 Qxe4+ 51.Kh2 1-0

[Event "Sao Paulo zt 2.4"]
[Site "Sao Paulo"]
[Date "2000.06.13"]
[Round "9"]
[White "Oblitas Guerrero, Carlomagno"]
[Black "Gauche, Charles"]
[Result "1-0"]
[WhiteElo "2389"]
[BlackElo "2310"]
[EventDate "2000.06.05"]
[PlyCount "109"]

1.e4 c5 2.c3 Nc6 3.d4 cxd4 4.cxd4 d5 5.Nc3 e6 6.exd5 exd5 7.Nf3 Bb4 8.Be2 
Nge7 9.O-O O-O 10.Bf4 Bf5 11.Rc1 Re8 12.Nb5 Ng6 13.Be3 Rc8 14.Qb3 Qd7 15.
Nxa7 Nxa7 16.Qxb4 Nf4 17.Bxf4 Rxe2 18.Ne5 Qe8 19.Qxb7 Nb5 20.Nf3 Ra8 21.
Rfe1 Nxd4 22.Kh1 Rd8 23.Qb6 Bg4 24.Qxd4 Bxf3 25.Rxe2 Bxe2 26.f3 h6 27.h3 
Qe6 28.Kh2 Ra8 29.Re1 Qa6 30.Be5 f6 31.Qxd5+ Kh8 32.Rxe2 Re8 33.Rd2 fxe5 
34.a3 Qf6 35.Qe4 Rc8 36.Re2 Rc1 37.Qa8+ Kh7 38.Qe4+ Kh8 39.Rc2 Rxc2 40.
Qxc2 Qf4+ 41.Kh1 g5 42.b4 Kg7 43.Qe4 Qc1+ 44.Kh2 Kf6 45.a4 h5 46.b5 Qb2 
47.Qc6+ Ke7 48.Qc5+ Ke6 49.b6 g4 50.hxg4 hxg4 51.fxg4 Qb1 52.Qc6+ Ke7 53.
Qc7+ Kf6 54.b7 Qe1 55.Qd8+ 1-0

[Event "Sao Paulo zt 2.4"]
[Site "Sao Paulo"]
[Date "2000.06.14"]
[Round "10"]
[White "Limp, Eduardo Thelio"]
[Black "Leitao, Rafael Duailibe"]
[Result "0-1"]
[WhiteElo "2420"]
[BlackElo "2565"]
[EventDate "2000.06.05"]
[PlyCount "71"]

1.d4 Nf6 2.Nf3 g6 3.c3 Bg7 4.Nbd2 d5 5.g3 O-O 6.Bg2 b6 7.O-O Bb7 8.e4 dxe4
9.Ng5 Nbd7 10.Ngxe4 Qc8 11.Nxf6+ Nxf6 12.Re1 Bxg2 13.Kxg2 c5 14.dxc5 Qxc5 
15.Nb3 Qc6+ 16.Qf3 Nd5 17.Bg5 e6 18.Rad1 b5 19.Nd4 Qc5 20.h4 b4 21.Nb3 Qb5
22.cxb4 Qxb4 23.a3 Qb5 24.Bc1 h5 25.Nd4 Qb6 26.Qe4 Rfd8 27.Bg5 Rd7 28.Re2 
Rc8 29.Rc2 Rxc2 30.Qxc2 Rc7 31.Qa4 Qxb2 32.Qe8+ Kh7 33.Nf3 Qb7 34.Kg1 Qb3 
35.Kg2 Qxd1 36.Bd2 0-1

[Event "Sao Paulo zt 2.4"]
[Site "Sao Paulo"]
[Date "2000.06.14"]
[Round "10"]
[White "Milos, Gilberto"]
[Black "Oblitas Guerrero, Carlomagno"]
[Result "1/2-1/2"]
[WhiteElo "2620"]
[BlackElo "2389"]
[EventDate "2000.06.05"]
[PlyCount "174"]

1.e4 e6 2.d4 d5 3.Nc3 dxe4 4.Nxe4 Bd7 5.Nf3 Bc6 6.Bd3 Nd7 7.O-O Ngf6 8.
Ned2 Be7 9.Qe2 Nd5 10.Ne4 Nb4 11.Bc4 Bd5 12.Bb3 Bxb3 13.axb3 O-O 14.c3 Nd5
15.b4 a6 16.Nc5 Nxc5 17.bxc5 Bf6 18.Ra3 Qd7 19.Rd1 Qc6 20.c4 Ne7 21.Bf4 
Ng6 22.Be3 Rfd8 23.b4 Qe4 24.Kf1 c6 25.Bc1 Qxe2+ 26.Kxe2 Rac8 27.Be3 Rd7 
28.Ne1 Rcd8 29.f4 h5 30.Nf3 Nh4 31.Nxh4 Bxh4 32.Kd3 Be7 33.Kc3 f6 34.Rb1 
Kf7 35.Kc2 f5 36.b5 axb5 37.cxb5 Bf6 38.Ra7 Ke8 39.Rb4 cxb5 40.Kc3 Rd5 41.
Rxb5 b6 42.Rxb6 Rxc5+ 43.Kd3 e5 44.Re6+ Kf8 45.fxe5 Rxe5 46.Rxe5 Bxe5 47.
Ra5 Bf6 48.Rxf5 h4 49.Ke4 Kf7 50.Rb5 Ra8 51.Rb7+ Kg6 52.Rb2 Re8+ 53.Kf3 
Rf8 54.Ke4 Re8+ 55.Kd3 Ra8 56.h3 Kf5 57.Rf2+ Ke6 58.Ke4 Ra4 59.Rd2 Rb4 60.
Bf2 Ra4 61.Kf4 Kd5 62.Kg4 Ke6 63.Kf4 Rc4 64.Re2+ Kd5 65.Kf5 Ra4 66.Be3 Ra3
67.Bf2 Ra4 68.Rc2 Rb4 69.Be3 Rb7 70.Rc5+ Kd6 71.Bf4+ Kd7 72.Rc2 Rb5+ 73.
Be5 Ke7 74.Rc5 Rb2 75.Bxf6+ gxf6 76.Rc7+ Kd6 77.Rg7 Kd5 78.Rg4 Rf2+ 79.Rf4
Rxg2 80.Kxf6 Rg1 81.Rxh4 Rg3 82.Kf5 Ra3 83.Rh8 Kxd4 84.Rd8+ Ke3 85.Re8+ 
Kf3 86.h4 Ra5+ 87.Kg6 Ra6+ 1/2-1/2

[Event "Sao Paulo zt 2.4"]
[Site "Sao Paulo"]
[Date "2000.06.14"]
[Round "10"]
[White "Pelikian, Jefferson"]
[Black "Sunye Neto, Jaime"]
[Result "0-1"]
[WhiteElo "2393"]
[BlackElo "2555"]
[EventDate "2000.06.05"]
[PlyCount "166"]

1.d4 Nf6 2.Nf3 e6 3.e3 b6 4.Bd3 Bb7 5.Nbd2 d5 6.O-O Bd6 7.Qe2 Ne4 8.Ne5 
O-O 9.f4 f6 10.Nef3 f5 11.Ne5 c5 12.c3 Bxe5 13.fxe5 a5 14.Nxe4 fxe4 15.
Rxf8+ Qxf8 16.Bb5 Qc8 17.Bd2 Bc6 18.Rf1 Bxb5 19.Qxb5 Qc6 20.Qe2 Nd7 21.Be1
Nf8 22.h4 Ra7 23.h5 h6 24.Bh4 cxd4 25.cxd4 Rc7 26.Bd8 Rd7 27.Bh4 Rf7 28.
Rxf7 Kxf7 29.b3 b5 30.Be1 a4 31.Bb4 Nh7 32.Bc5 Qe8 33.Kf1 Ng5 34.Ke1 axb3 
35.axb3 Kg8 36.Qg4 Qd8 37.Qe2 Qa5+ 38.Kf2 Kf7 39.Kg1 Qc3 40.b4 Qd3 41.Qf2+
Kg8 42.Kh2 Nf7 43.Be7 Qd1 44.Qh4 Nh8 45.Qh3 Kf7 46.Bd6 Qe1 47.Qg3 Qxg3+ 
48.Kxg3 Ke8 49.Kh4 Nf7 50.Bc5 Nd8 51.Kg4 Kf7 52.Kh4 Nc6 53.Kg4 Nb8 54.Kh4 
Nd7 55.Kg4 g6 56.hxg6+ Kxg6 57.Kh4 h5 58.g4 hxg4 59.Kxg4 Nb8 60.Bd6 Nc6 
61.Bc5 Nd8 62.Be7 Nf7 63.Kh4 Kf5 64.Kh5 Nh8 65.Bh4 Ng6 66.Bg3 Ne7 67.Bh4 
Nc6 68.Be1 Nxd4 69.exd4 e3 70.Kh6 Ke4 71.Kg6 Kxd4 72.Kf6 Kc4 73.Kxe6 d4 
74.Kf5 d3 75.e6 d2 76.Bxd2 exd2 77.e7 d1=Q 78.e8=Q Qd5+ 79.Kg6 Kxb4 80.
Qe1+ Kc5 81.Qe3+ Qd4 82.Qc1+ Kb6 83.Kh7 Qd7+ 0-1

[Event "Sao Paulo zt 2.4"]
[Site "Sao Paulo"]
[Date "2000.06.14"]
[Round "10"]
[White "Vescovi, Giovanni P"]
[Black "Lima, Darcy"]
[Result "0-1"]
[WhiteElo "2511"]
[BlackElo "2514"]
[EventDate "2000.06.05"]
[PlyCount "51"]

1.e4 e5 2.Nf3 Nc6 3.d4 exd4 4.Nxd4 Bc5 5.Nxc6 Qf6 6.Qd2 bxc6 7.Bd3 Ne7 8.
O-O O-O 9.Nc3 d6 10.e5 Qe6 11.exd6 Bxd6 12.Re1 Qg4 13.Ne4 Ng6 14.Nxd6 cxd6
15.Be2 Qd7 16.b3 Bb7 17.Bb2 c5 18.Qc3 f6 19.Bf3 Bxf3 20.Qxf3 d5 21.Rad1 
Rfe8 22.h3 d4 23.Ba3 Ne5 24.Qe4 Nc4 25.bxc4 Rxe4 26.Rxe4 0-1

[Event "Sao Paulo zt 2.4"]
[Site "Sao Paulo"]
[Date "2000.06.15"]
[Round "11"]
[White "Chemin, Vitorio"]
[Black "Milos, Gilberto"]
[Result "0-1"]
[WhiteElo "2313"]
[BlackElo "2620"]
[EventDate "2000.06.05"]
[PlyCount "70"]

1.d4 d6 2.Nf3 g6 3.Bf4 Bg7 4.e3 Nd7 5.Bc4 c6 6.O-O e5 7.dxe5 dxe5 8.Bg3 
Qe7 9.Nc3 Ngf6 10.Bh4 Qb4 11.Bb3 O-O 12.a3 Qb6 13.Bxf6 Bxf6 14.Ne4 Qc7 15.
Nfg5 Bxg5 16.Nxg5 Nc5 17.Bc4 h6 18.Nf3 b5 19.Ba2 Na4 20.e4 Bg4 21.h3 Rad8 
22.Qe2 Bxf3 23.Qxf3 Nxb2 24.Qc3 Na4 25.Qg3 Kh7 26.h4 Rd2 27.f4 exf4 28.
Rxf4 Nc3 29.Qxc3 Qxf4 30.Rf1 Qd6 31.Qf3 Qe5 32.h5 Qc5+ 33.Kh2 Qxh5+ 34.
Qxh5 gxh5 35.e5 Kg7 0-1

[Event "Sao Paulo zt 2.4"]
[Site "Sao Paulo"]
[Date "2000.06.15"]
[Round "11"]
[White "Leitao, Rafael Duailibe"]
[Black "Vescovi, Giovanni P"]
[Result "1/2-1/2"]
[WhiteElo "2565"]
[BlackElo "2511"]
[EventDate "2000.06.05"]
[PlyCount "76"]

1.e4 c5 2.Nf3 e6 3.d4 cxd4 4.Nxd4 Qb6 5.Nb3 Qc7 6.Bd3 Nf6 7.Nc3 a6 8.O-O 
d6 9.f4 Nbd7 10.Be3 b5 11.a3 Bb7 12.Qf3 Be7 13.Rae1 O-O 14.Qh3 e5 15.g4 
exf4 16.Rxf4 Ne5 17.g5 Qd7 18.Qg2 Nfg4 19.Bd4 Nxd3 20.cxd3 Ne5 21.Qg3 f6 
22.Ref1 fxg5 23.Rxf8+ Rxf8 24.Rxf8+ Kxf8 25.Bxe5 dxe5 26.Qxe5 Qd6 27.Qf5+ 
Kg8 28.d4 g6 29.Qf2 b4 30.axb4 Qxb4 31.Nc5 Bxc5 32.dxc5 Bxe4 33.Qe3 Bb7 
34.Qe8+ Kg7 35.Qd7+ Kh6 36.Qh3+ Kg7 37.Qd7+ Kh6 38.Qh3+ Kg7 1/2-1/2

[Event "Sao Paulo zt 2.4"]
[Site "Sao Paulo"]
[Date "2000.06.15"]
[Round "11"]
[White "Lima, Darcy"]
[Black "Gauche, Charles"]
[Result "1-0"]
[WhiteElo "2514"]
[BlackElo "2310"]
[EventDate "2000.06.05"]
[PlyCount "93"]

1.d4 c5 2.d5 e5 3.e4 d6 4.Nc3 g6 5.f4 Bg7 6.fxe5 Bxe5 7.Nf3 Bg4 8.Bb5+ Kf8
9.O-O Bxf3 10.Qxf3 Qe7 11.Bg5 f6 12.Nd1 a6 13.Bd3 Kg7 14.Bd2 Nd7 15.c3 h5 
16.Ne3 Nh6 17.g3 Nf7 18.h4 Nh6 19.Rf2 Rag8 20.Rg2 Kf7 21.a4 Ke8 22.Rf1 Kd8
23.Rff2 Kc7 24.Rh2 f5 25.Rhg2 Ng4 26.exf5 Nxf2 27.Qxf2 gxf5 28.Nxf5 Qf6 
29.Be3 Kb8 30.Qd2 Ka8 31.Bg5 Qf7 32.Rf2 Qxd5 33.Ne7 Qa2 34.Nxg8 Rxg8 35.
Qd1 Bxg3 36.Rg2 Be5 37.b3 Qa3 38.Kh1 Rf8 39.Bh6 Re8 40.Re2 Nf6 41.Bg5 Nd7 
42.Qb1 c4 43.Bxc4 Qc5 44.Qe4 Nb8 45.Qf3 Qc7 46.Kg2 Rh8 47.Bd5 1-0

[Event "Ordzhonikidze zt 1.9"]
[Site "Ordzhonikidze"]
[Date "2000.06.09"]
[Round "1"]
[White "Baklan, Vladimir"]
[Black "Moroz, Alexander"]
[Result "1-0"]
[WhiteElo "2571"]
[BlackElo "2513"]
[EventDate "2000.06.09"]
[PlyCount "157"]

1.e4 c5 2.Nf3 Nc6 3.d4 cxd4 4.Nxd4 e5 5.Nb5 d6 6.c4 Be7 7.b3 Nf6 8.Bd3 O-O
9.O-O Bg4 10.Qd2 Ne8 11.N1c3 a6 12.Na3 h6 13.Nc2 Bg5 14.Ne3 Be6 15.Bb2 Nd4
16.Qd1 Rb8 17.Nf5 Nxf5 18.exf5 Bd7 19.a4 Bc6 20.b4 b6 21.b5 axb5 22.axb5 
Bb7 23.Be4 Qc8 24.Bxb7 Rxb7 25.Qd3 Nf6 26.g3 h5 27.Ne4 Nxe4 28.Qxe4 Rc7 
29.Ra4 Qb7 30.Qxb7 Rxb7 31.Rd1 Be7 32.Bc1 Rc8 33.Be3 Kf8 34.Kg2 g6 35.f6 
Bxf6 36.Rxd6 Bd8 37.Ra6 Ke7 38.Rc6 Kd7 39.Rxc8 Kxc8 40.Kf3 f5 41.h4 Kb8 
42.Bg5 Bc7 43.Be7 Kc8 44.Ke2 Kd7 45.Bg5 Bd6 46.Be3 Bc7 47.Kd3 f4 48.gxf4 
exf4 49.Bd4 Bd8 50.f3 Kc7 51.Bf2 Kb8 52.Ke4 Re7+ 53.Kxf4 Kb7 54.c5 bxc5 
55.Rxg6 Bc7+ 56.Kg5 Re2 57.Bg1 Re5+ 58.Kh6 Rf5 59.Rg7 Kb6 60.Kg6 Rd5 61.
Rh7 Bd6 62.Rxh5 Rd1 63.Rg5 Be7 64.Rg4 Bxh4 65.Bxc5+ Kxb5 66.Rxh4 Kxc5 67.
f4 Rd6+ 68.Kg5 Rd1 69.Rh8 Kc6 70.Re8 Kd7 71.Re2 Rf1 72.f5 Rf3 73.Kg6 Rf1 
74.f6 Rf3 75.Kg7 Rg3+ 76.Kf8 Rf3 77.f7 Rf1 78.Rg2 Ke6 79.Kg8 1-0

[Event "Ordzhonikidze zt 1.9"]
[Site "Ordzhonikidze"]
[Date "2000.06.09"]
[Round "1"]
[White "Berelowitsch, Alexander"]
[Black "Savchenko, Stanislav"]
[Result "1-0"]
[WhiteElo "2505"]
[BlackElo "2574"]
[EventDate "2000.06.09"]
[PlyCount "76"]

1.e4 e6 2.d4 d5 3.Nd2 c5 4.exd5 Qxd5 5.Ngf3 cxd4 6.Bc4 Qd6 7.O-O Nf6 8.Nb3
Nc6 9.Nbxd4 Nxd4 10.Nxd4 a6 11.Bb3 Qc7 12.Re1 Bd6 13.h3 O-O 14.Bg5 Bf4 15.
Bxf6 gxf6 16.Qh5 Kh8 17.Nf3 Rg8 18.Re4 b5 19.Qh4 Bg5 20.Nxg5 Rxg5 21.Rg4 
Rxg4 22.hxg4 Qf4 23.Rd1 Kg7 24.Qh2 Qe4 25.Qg3 Ra7 26.Rd8 Bd7 27.g5 Bc6 28.
gxf6+ Kxf6 29.Qc3+ Ke7 30.f3 Qf5 31.Rg8 Rc7 32.Qb4+ Kd7 33.Qf8 Bb7 34.Qe8+
Kd6 35.Qd8+ Kc6 36.Rg5 Qf4 37.Rg4 Qe3+ 38.Kh2 Kb6 1-0

[Event "Ordzhonikidze zt 1.9"]
[Site "Ordzhonikidze"]
[Date "2000.06.09"]
[Round "1"]
[White "Kuzmin, Gennadi P"]
[Black "Moiseenko, Alexander"]
[Result "1/2-1/2"]
[WhiteElo "2466"]
[BlackElo "2573"]
[EventDate "2000.06.09"]
[PlyCount "77"]

1.e4 c5 2.Nf3 Nc6 3.Bb5 e6 4.O-O Nge7 5.c3 a6 6.Ba4 b5 7.Bc2 Bb7 8.Re1 Rc8
9.d4 cxd4 10.cxd4 Nb4 11.Bb3 Rxc1 12.Qxc1 Nd3 13.Qe3 Nxe1 14.Qxe1 Ng6 15.
a4 Be7 16.axb5 axb5 17.Nc3 Qb6 18.Bc2 O-O 19.Bd3 b4 20.Ne2 Bc6 21.Nd2 Qb7 
22.Qb1 Ra8 23.Rxa8+ Qxa8 24.g3 Qb8 25.h4 d5 26.e5 Bb5 27.Qc2 Bxd3 28.Qxd3 
Qc7 29.h5 Nf8 30.Kg2 h6 31.Nf3 Qc6 32.Nf4 Qc1 33.Qb3 Qc6 34.Nd2 Bg5 35.
Qxb4 Bxf4 36.gxf4 Qc2 37.Qc3 Qf5 38.Qf3 Qc2 39.Qc3 1/2-1/2

[Event "Ordzhonikidze zt 1.9"]
[Site "Ordzhonikidze"]
[Date "2000.06.09"]
[Round "1"]
[White "Lerner, Konstantin Z"]
[Black "Zubarev, Alexander"]
[Result "1/2-1/2"]
[WhiteElo "2575"]
[BlackElo "2476"]
[EventDate "2000.06.09"]
[PlyCount "42"]

1.Nf3 Nf6 2.c4 e6 3.d4 d5 4.Nc3 Bb4 5.Bg5 h6 6.Bxf6 Qxf6 7.e3 c5 8.Rc1 
cxd4 9.exd4 O-O 10.a3 Bxc3+ 11.Rxc3 Nc6 12.Be2 dxc4 13.Rxc4 e5 14.dxe5 
Nxe5 15.Nxe5 Qxe5 16.Qd4 Qxd4 17.Rxd4 Be6 18.Kd2 Rfd8 19.Rxd8+ Rxd8+ 20.
Ke3 Re8 21.Kd2 Rd8+ 1/2-1/2

[Event "Ordzhonikidze zt 1.9"]
[Site "Ordzhonikidze"]
[Date "2000.06.09"]
[Round "1"]
[White "Mikhaletz, Lubomir"]
[Black "Timoshenko, Georgy"]
[Result "1-0"]
[WhiteElo "2513"]
[BlackElo "2584"]
[EventDate "2000.06.09"]
[PlyCount "103"]

1.e4 c5 2.Nf3 d6 3.d4 cxd4 4.Nxd4 Nf6 5.Nc3 a6 6.h3 e6 7.g4 b5 8.Bg2 Bb7 
9.a3 Qc7 10.Qe2 Nc6 11.Nxc6 Qxc6 12.a4 bxa4 13.Rxa4 Rc8 14.O-O Be7 15.Rb4 
Nd7 16.Rd1 O-O 17.Nd5 Bd8 18.Ne3 Be7 19.Nd5 Bd8 20.Ne3 Be7 21.Rbd4 Qc7 22.
Rc4 Qb6 23.b3 Ne5 24.Rcd4 a5 25.Ba3 Rfd8 26.Qd2 Nc6 27.Ra4 Ba6 28.Nc4 Bxc4
29.Rxc4 d5 30.Rxc6 Qxc6 31.Bxe7 Re8 32.exd5 exd5 33.Bxd5 Qxc2 34.Qxc2 Rxc2
35.Bc4 h5 36.Rd7 hxg4 37.hxg4 a4 38.Bd6 Re1+ 39.Kg2 Rd1 40.Bxf7+ Kh7 41.g5
Rd4 42.Rd8 Rg4+ 43.Bg3 axb3 44.g6+ Kh6 45.Kh3 Rcc4 46.Bxc4 Rxc4 47.Rb8 Rc3
48.Kg4 Kxg6 49.Be5 Rc2 50.f4 Rg2+ 51.Kf3 Rg1 52.Rg8 1-0

[Event "Ordzhonikidze zt 1.9"]
[Site "Ordzhonikidze"]
[Date "2000.06.09"]
[Round "1"]
[White "Neverov, Valeriy"]
[Black "Anapolsky, Sergey"]
[Result "1-0"]
[WhiteElo "2541"]
[BlackElo "2448"]
[EventDate "2000.06.09"]
[PlyCount "71"]

1.d4 e6 2.c4 Nf6 3.Nc3 Bb4 4.e3 O-O 5.Nf3 c5 6.Bd3 d5 7.O-O cxd4 8.exd4 
dxc4 9.Bxc4 b6 10.Bg5 Bb7 11.Rc1 Nbd7 12.Re1 Qb8 13.Ne5 Bxc3 14.Nxd7 Nxd7 
15.bxc3 Qc7 16.Bd3 Rfe8 17.Re3 Nf8 18.Rg3 Rac8 19.h4 Kh8 20.h5 f6 21.Bd2 
Qf7 22.Qg4 e5 23.Re1 e4 24.Bxe4 Bxe4 25.Rxe4 Rxe4 26.Qxe4 Re8 27.Qg4 f5 
28.Rf3 g6 29.hxg6 hxg6 30.Qh4+ Nh7 31.Bf4 Qxa2 32.Be5+ Kg8 33.Qh6 Qf7 34.
Rg3 Re6 35.f4 g5 36.Rxg5+ 1-0

[Event "Ordzhonikidze zt 1.9"]
[Site "Ordzhonikidze"]
[Date "2000.06.09"]
[Round "1"]
[White "Nosenko, Alexander"]
[Black "Ovsejevitsch, Sergei"]
[Result "1/2-1/2"]
[WhiteElo "2427"]
[BlackElo "2526"]
[EventDate "2000.06.09"]
[PlyCount "87"]

1.d4 d5 2.c4 c6 3.Nf3 Nf6 4.Qc2 g6 5.Bf4 Bg7 6.e3 O-O 7.Nc3 Bg4 8.Ne5 Be6 
9.Be2 Nbd7 10.Rd1 Rc8 11.Qb3 Nxe5 12.Bxe5 Qb6 13.c5 Qxb3 14.axb3 Nd7 15.
Bxg7 Kxg7 16.b4 a6 17.f3 Nf6 18.Kd2 Rcd8 19.Kc1 Bf5 20.g4 Bc8 21.g5 Ne8 
22.h4 h6 23.Rdg1 Rh8 24.gxh6+ Rxh6 25.h5 Bf5 26.hxg6 Rxh1 27.Rxh1 Bxg6 28.
Kd2 Nc7 29.Na2 f6 30.Nc1 e5 31.Nb3 Ne6 32.Rh4 Re8 33.Na5 exd4 34.exd4 Re7 
35.Bd1 Ng5 36.Rh1 Bf5 37.Re1 Rxe1 38.Kxe1 Bc8 39.Kf2 Kf8 40.Ke3 Ke7 41.Bc2
Nf7 42.Bg6 Ng5 43.f4 Nf7 44.Bxf7 1/2-1/2

[Event "Ordzhonikidze zt 1.9"]
[Site "Ordzhonikidze"]
[Date "2000.06.09"]
[Round "1"]
[White "Romanishin, Oleg M"]
[Black "Maksimenko, Andrei"]
[Result "1-0"]
[WhiteElo "2578"]
[BlackElo "2495"]
[EventDate "2000.06.09"]
[PlyCount "43"]

1.c4 c5 2.g3 g6 3.Bg2 Bg7 4.Nc3 Nc6 5.a3 d6 6.Nf3 e5 7.O-O Nge7 8.b4 cxb4 
9.axb4 Nxb4 10.Ba3 Nec6 11.Qa4 Na6 12.Ne4 Bf8 13.d4 Bf5 14.Nc3 Bd7 15.Nb5 
e4 16.Nd2 f5 17.e3 Qf6 18.f3 exf3 19.Bxf3 Be7 20.Bd5 g5 21.Ne4 Qg6 22.
Nexd6+ 1-0

[Event "Ordzhonikidze zt 1.9"]
[Site "Ordzhonikidze"]
[Date "2000.06.09"]
[Round "1"]
[White "Sulypa, Alexandre"]
[Black "Shneider, Aleksandr"]
[Result "1-0"]
[WhiteElo "2449"]
[BlackElo "2551"]
[EventDate "2000.06.09"]
[PlyCount "75"]

1.e4 c5 2.Nf3 d6 3.d4 cxd4 4.Nxd4 Nf6 5.Nc3 a6 6.Be3 e5 7.Nb3 Be6 8.Qd2 
Nbd7 9.f3 h5 10.Be2 Rc8 11.O-O Be7 12.Rfd1 O-O 13.a4 Qc7 14.a5 Rfd8 15.Nc1
Nc5 16.Nd5 Bxd5 17.exd5 e4 18.f4 Ncd7 19.c4 Ng4 20.Bd4 Bf6 21.h3 e3 22.Qe1
Nf2 23.Bxf6 Nxf6 24.Rd4 Re8 25.Ra3 b5 26.Nb3 bxc4 27.Bxc4 Qa7 28.Qe2 N2e4 
29.Kh2 h4 30.Ra1 Ng3 31.Qd3 e2 32.Re1 Nf1+ 33.Rxf1 exf1=Q 34.Qxf1 Re3 35.
Rd3 Rb8 36.Qg1 Rbe8 37.Nd4 Rxd3 38.Bxd3 1-0

[Event "Ordzhonikidze zt 1.9"]
[Site "Ordzhonikidze"]
[Date "2000.06.09"]
[Round "1"]
[White "Vysochin, Spartak"]
[Black "Zontakh, Andrey"]
[Result "1/2-1/2"]
[WhiteElo "2494"]
[BlackElo "2576"]
[EventDate "2000.06.09"]
[PlyCount "30"]

1.e4 e6 2.d4 d5 3.exd5 exd5 4.Nf3 Nc6 5.c3 Bd6 6.Bd3 Nge7 7.Bg5 Bg4 8.Nbd2
Qd7 9.Qc2 h6 10.Bh4 Qe6+ 11.Kf1 Qd7 12.Re1 O-O-O 13.Bxe7 Nxe7 14.Ne5 Bxe5 
15.Rxe5 f6 1/2-1/2

[Event "Ordzhonikidze zt 1.9"]
[Site "Ordzhonikidze"]
[Date "2000.06.10"]
[Round "2"]
[White "Berelowitsch, Alexander"]
[Black "Malakhatko, Vadim"]
[Result "0-1"]
[WhiteElo "2505"]
[BlackElo "2568"]
[EventDate "2000.06.09"]
[PlyCount "90"]

1.e4 c5 2.Nf3 e6 3.d4 cxd4 4.Nxd4 Nf6 5.Nc3 Nc6 6.Ndb5 d6 7.Bf4 e5 8.Bg5 
a6 9.Na3 b5 10.Nd5 Be7 11.Bxf6 Bxf6 12.c3 O-O 13.Nc2 Bg5 14.a4 bxa4 15.
Rxa4 a5 16.Bb5 Bb7 17.O-O Ne7 18.Bc4 Bc6 19.Ra2 Rb8 20.Nxe7+ Qxe7 21.Bd5 
Bb5 22.Re1 Qc7 23.Qa1 a4 24.Nb4 Qc5 25.Qd1 g6 26.Nd3 Qc7 27.Ra3 Kg7 28.c4 
Bd7 29.Rc3 Be7 30.Qc2 Rfc8 31.Kh1 f6 32.f4 Qa7 33.c5 Bb5 34.cxd6 Bxd3 35.
Qxd3 Rxc3 36.Qxc3 Bxd6 37.Qc6 Rb6 38.Qc2 exf4 39.Ra1 Rb4 40.Bc6 f3 41.gxf3
Qb6 42.Ra2 a3 43.bxa3 Rb1+ 44.Kg2 Rg1+ 45.Kh3 Rg5 0-1

[Event "Ordzhonikidze zt 1.9"]
[Site "Ordzhonikidze"]
[Date "2000.06.10"]
[Round "2"]
[White "Borovikov, Vladislav"]
[Black "Lerner, Konstantin Z"]
[Result "1/2-1/2"]
[WhiteElo "2472"]
[BlackElo "2575"]
[EventDate "2000.06.09"]
[PlyCount "180"]

1.d4 Nf6 2.Nf3 e6 3.c4 b6 4.Nc3 Bb4 5.Bg5 h6 6.Bh4 Bb7 7.Nd2 O-O 8.e4 g5 
9.Bg3 Nxe4 10.Ndxe4 Bxe4 11.h4 Nc6 12.a3 Bxc3+ 13.bxc3 d6 14.hxg5 hxg5 15.
Bd3 Bg6 16.Qf3 Na5 17.O-O-O Kg7 18.c5 f5 19.Rde1 Qd7 20.Qe2 bxc5 21.Qxe6 
Qxe6 22.Rxe6 cxd4 23.f4 dxc3 24.Bf2 Kf7 25.Rhe1 Rfe8 26.Rxe8 Rxe8 27.Rxe8 
Kxe8 28.fxg5 Kf7 29.Bxa7 Nc6 30.Bf2 Ne5 31.Bc2 c5 32.Be1 d5 33.Bxc3 d4 34.
Bb2 Ke6 35.a4 Be8 36.a5 Bb5 37.g6 Nxg6 38.g4 d3 39.Bb3+ c4 40.gxf5+ Kxf5 
41.Bd1 Ne5 42.Kd2 Ke4 43.Bh5 Ba6 44.Bc3 Bc8 45.Bb2 Ba6 46.Bc3 Nc6 47.Bg6+ 
Kd5 48.Ke3 Kc5 49.Be8 Nb4 50.Bd4+ Kd6 51.Kd2 Kd5 52.Bc3 Na2 53.Bg6 Kc6 54.
Be8+ Kc5 55.Bg6 Kd5 56.Bh7 Bb5 57.Bg6 Kc5 58.Bf5 Ba6 59.Bg6 Nb4 60.Be8 Nd5
61.Bg6 Nf4 62.Bf5 Ne2 63.Bg6 Bb5 64.Bh7 Kd6 65.Be4 Ba6 66.Bg6 Nf4 67.Be4 
Kc5 68.Bf5 Kd5 69.Bh7 Bc8 70.Ke3 Ne2 71.Kd2 Ba6 72.Bg6 Nd4 73.Ke3 Nb5 74.
Kd2 Kc5 75.Bf5 Nd6 76.Bg6 Kb5 77.Bh7 Nb7 78.Ke3 Nc5 79.Bg6 Nb3 80.Bh7 Kc6 
81.Be4+ Kc7 82.Be5+ Kd7 83.Bf5+ Kc6 84.Be4+ Kc5 85.Bc3 Nc1 86.Kd2 Na2 87.
Bg6 Nb4 88.Be8 Nd5 89.Bg6 Nc7 90.Bh7 Nd5 1/2-1/2

[Event "Ordzhonikidze zt 1.9"]
[Site "Ordzhonikidze"]
[Date "2000.06.10"]
[Round "2"]
[White "Goloshchapov, Alexander"]
[Black "Vysochin, Spartak"]
[Result "1-0"]
[WhiteElo "2561"]
[BlackElo "2494"]
[EventDate "2000.06.09"]
[PlyCount "99"]

1.e4 e6 2.d4 d5 3.Nc3 Nf6 4.Bg5 Be7 5.e5 Nfd7 6.Bxe7 Qxe7 7.f4 O-O 8.Nf3 
c5 9.Qd2 Nc6 10.dxc5 f6 11.exf6 Qxf6 12.g3 Nxc5 13.O-O-O Rd8 14.Qf2 b6 15.
Bg2 Bd7 16.Rhe1 Rac8 17.Ne5 Nxe5 18.Rxe5 Kh8 19.Qe3 Be8 20.Kb1 Bg6 21.Qd4 
Bf5 22.Bf3 Nd7 23.Re2 Qxd4 24.Rxd4 Nf6 25.Nd1 Be4 26.Bxe4 Nxe4 27.c4 g5 
28.cxd5 exd5 29.fxg5 Nxg5 30.Nc3 Nf3 31.Rxd5 Rxd5 32.Nxd5 Rd8 33.Nc3 Rd2 
34.h3 Rxe2 35.Nxe2 Kg7 36.Kc2 Kf6 37.Kd3 Ke5 38.Ke3 Ng5 39.Ng1 Ne4 40.Nf3+
Kd5 41.g4 a5 42.h4 Nd6 43.Kf4 a4 44.h5 b5 45.h6 Nf7 46.g5 b4 47.Kf5 a3 48.
bxa3 bxa3 49.Kf6 Nd6 50.g6 1-0

[Event "Ordzhonikidze zt 1.9"]
[Site "Ordzhonikidze"]
[Date "2000.06.10"]
[Round "2"]
[White "Moiseenko, Alexander"]
[Black "Zubov, Alexander"]
[Result "0-1"]
[WhiteElo "2573"]
[BlackElo "2482"]
[EventDate "2000.06.09"]
[PlyCount "56"]

1.d4 d5 2.c4 c6 3.Nf3 Nf6 4.Nc3 e6 5.Bg5 h6 6.Bxf6 Qxf6 7.Qc2 Nd7 8.e4 
dxe4 9.Qxe4 g6 10.Bd3 Bg7 11.O-O-O c5 12.d5 Nb6 13.d6 Bd7 14.Qe3 O-O 15.
Rd2 Bc6 16.h4 Rfd8 17.Be2 Rac8 18.h5 g5 19.Re1 Na4 20.Nxa4 Bxa4 21.Qa3 Bc6
22.Red1 a6 23.Nh2 Bxg2 24.Qg3 Bc6 25.Bf3 Bxf3 26.Nxf3 Rc6 27.Nh2 Rcxd6 28.
Ng4 Qxb2+ 0-1

[Event "Ordzhonikidze zt 1.9"]
[Site "Ordzhonikidze"]
[Date "2000.06.10"]
[Round "2"]
[White "Neverov, Valeriy"]
[Black "Baklan, Vladimir"]
[Result "0-1"]
[WhiteElo "2541"]
[BlackElo "2571"]
[EventDate "2000.06.09"]
[PlyCount "122"]

1.d4 Nf6 2.c4 c5 3.d5 b5 4.cxb5 a6 5.bxa6 g6 6.Nc3 Bxa6 7.Nf3 d6 8.g3 Bg7 
9.Bg2 Nbd7 10.O-O Nb6 11.Rb1 Nfd7 12.Qd2 Nc4 13.Qc2 Qa5 14.Nd2 Nce5 15.b3 
Nd3 16.exd3 Qxc3 17.Qxc3 Bxc3 18.Nc4 O-O 19.Bb2 Bf6 20.Bxf6 Nxf6 21.Rfe1 
Rfe8 22.Rb2 Bb7 23.Ne3 Ra3 24.Rd1 Rea8 25.Rdd2 Kf8 26.f4 R8a7 27.Kf2 Ne8 
28.Nc4 R3a6 29.d4 Nf6 30.dxc5 dxc5 31.a4 Ba8 32.Rbc2 Rd7 33.Ne5 Rb7 34.Rd3
Rc7 35.g4 Rb6 36.g5 Ne8 37.Nc4 Rb8 38.Ke3 Nd6 39.Nxd6 exd6 40.Kd2 Rb4 41.
Rc4 Rcb7 42.Rxb4 Rxb4 43.Kc3 Rxf4 44.a5 Bb7 45.Rf3 Rh4 46.Bf1 Rxh2 47.a6 
Bxd5 48.Rd3 Be4 49.Rd2 Rxd2 50.Kxd2 Ke7 51.a7 f6 52.Ke3 Ba8 53.Kf4 fxg5+ 
54.Kxg5 Ke6 55.Kf4 Kd7 56.Bd3 Kc7 57.Kg5 Kb6 58.Kh6 Kxa7 59.Kxh7 g5 60.Be2
Bd5 61.Bd1 Be6 0-1

[Event "Ordzhonikidze zt 1.9"]
[Site "Ordzhonikidze"]
[Date "2000.06.10"]
[Round "2"]
[White "Ovsejevitsch, Sergei"]
[Black "Kuzmin, Gennadi P"]
[Result "1-0"]
[WhiteElo "2525"]
[BlackElo "2465"]
[EventDate "2000.06.09"]
[PlyCount "87"]

1.d4 d5 2.c4 e6 3.Nf3 c5 4.cxd5 exd5 5.g3 Nc6 6.Bg2 c4 7.O-O Bb4 8.b3 cxb3
9.Qxb3 Nge7 10.Ne5 Qb6 11.Nd3 Bd6 12.Qxb6 axb6 13.Bf4 Bxf4 14.Nxf4 Nxd4 
15.Nc3 Ra3 16.Rac1 g5 17.Rfd1 gxf4 18.Rxd4 O-O 19.Nxd5 Nxd5 20.Bxd5 fxg3 
21.hxg3 Ra5 22.Rc7 Rc5 23.Re7 Kg7 24.Bb3 Kf6 25.Re3 Kg7 26.Rf4 Rc7 27.Re5 
h6 28.Rb4 Bd7 29.Re7 Rc1+ 30.Kg2 Bc6+ 31.f3 Rc5 32.Rg4+ Rg5 33.Rf4 Bd5 34.
e4 Bxb3 35.axb3 Rb5 36.e5 Rxb3 37.e6 Re3 38.Rexf7+ Rxf7 39.exf7 Kf8 40.Rf6
Re2+ 41.Kh3 Re1 42.Kg4 Rh1 43.Kf5 Rh3 44.Ke6 1-0

[Event "Ordzhonikidze zt 1.9"]
[Site "Ordzhonikidze"]
[Date "2000.06.10"]
[Round "2"]
[White "Savchenko, Stanislav"]
[Black "Maksimenko, Andrei"]
[Result "0-1"]
[WhiteElo "2574"]
[BlackElo "2495"]
[EventDate "2000.06.09"]
[PlyCount "96"]

1.d4 Nf6 2.c4 e6 3.Nc3 Bb4 4.Qc2 c5 5.dxc5 O-O 6.a3 Bxc5 7.Nf3 b6 8.Bf4 
Nh5 9.Bg3 f5 10.e3 Nc6 11.Rd1 Bb7 12.Be2 Nxg3 13.hxg3 Rf7 14.O-O g5 15.b4 
Bf8 16.b5 Na5 17.g4 Bxf3 18.Bxf3 Rc8 19.gxf5 Rxf5 20.Bg4 Re5 21.Rd4 Nxc4 
22.Rfd1 Nxa3 23.Qb2 Qf6 24.Qb3 Rxc3 25.Qxc3 Nxb5 26.Qa1 Nxd4 27.Qxd4 d5 
28.Qa1 a5 29.Bf3 Bc5 30.Qa4 Qe7 31.g4 Kg7 32.Kg2 Qf7 33.Qc2 h5 34.Rh1 h4 
35.Qb2 Qf6 36.Qc2 Qe7 37.Qb2 Qf6 38.Qc2 Kh6 39.Qa4 Qf7 40.Qc2 Qf6 41.Qa4 
Qf7 42.Qa1 Bd6 43.Qd4 Qc7 44.Qa4 Bb4 45.Qa1 Bc3 46.Qa4 Bb4 47.Qa1 Bc3 48.
Qa4 Rxe3 0-1